01200nam a2200217 a 450000100060000000300090000600800410001502000150005604000280007108200160009910000400011524500990015526000400025430000080029450503320030259001360063465000320077094200120080299900170081495201510083121261CO-ViMGA141112s2004 ck r 000 u spa d a8420535486 aCO-ViMGAbspacCO-ViMGA04a371.9 A715e1 aAranda rendruello, Rosalía93030110aEducación especial : bAreas curriculares para alumnos con necesidades educativas especiales aMadrid; Pearson educación, c2002 a243 aeElementos fundamentales del desarrollo lógico matemático y dificulatades más comunes 102 - - El área de música en alumnos con necesidades educativas especiales 155 - - Area de plástica 187 - - La informática en la escuela : nuevas tecnologias y discapacidad 217 - - Adaptaciones curriculares en las áreas 225  aForma de adquisición : Compra fact. 0857 - - Precio : 59900 - - Proveedor : Temas y libros - - Fecha de adquisición : Mayo 200714aeducación ESPECIAL921470 2ddccBK c29889d29889 00102ddc40708003aMEVIECARbMEVIECARd2015-12-04hVolumen. 1 | 11/jun/2009l0o371.9 A715e p21261r2015-12-04 00:00:00tEj. 1w2015-12-04yBK